000 01111cam a22003255a 4500
001 13995514
003 EG-ScBUE
005 20220516093829.0
008 050608s2006 enka f b 001 0 eng d
020 _a9781403916426 (pbk.)
020 _a140391642X (pbk.)
040 _aDLC
_beng
_erda
_cDLC
_dDLC
_dEG-ScBUE
082 0 4 _a428.2
_bLEE
_222
100 1 _aLeech, Geoffrey,
_eauthor.
_940306
245 1 0 _aEnglish grammar for today :
_ba new introduction /
_cGeoffrey Leech, Margaret Deuchar and Robert Hoogenraad.
250 _aSecond edition.
264 1 _aLondon :
_bPalgrave Macmillan,
_c2006.
300 _axvii, 238 pages :
_billustrations ;
_c24 cm
336 _2rdacontent
_atext
_btxt
337 _2rdamedia
_aunmediated
_bn
338 _2rdacarrier
_avolume
_bnc
504 _aIncludes bibliographical references and index.
650 7 _aEnglish language
_xGrammar.
_2BUEsh
_95501
651 _2BUEsh
653 _cAugust2018
_bHHUUEENN
655 _vReading book
_934232
700 1 _aDeuchar, M.
_q(Margaret)
_eauthor.
_934708
700 1 _aHoogenraad, Robert,
_eauthor.
_934709
942 _2ddc
_cBB
999 _c17880
_d17852